000
00284nam a2200109Ia 4500
008
240624s9999 xx 000 0 und d
041
_a
eng
082
_a
658.7 API
100
_a
THE ASSOCIATION FOR OPERATION MANAGEMENT
245
_a
EXECUTION AND CONTROL OF OPERATIONS
260
_c
2000
999
_c
12842
_d
12842